LIBRARY & INFORMATION CENTRE, KCAET, TAVANUR

ONLINE PUBLIC ACCESS CATALOGUE (OPAC)

Dharti mera ghal / (Record no. 11964)

MARC details
000 -LEADER
fixed length control field 00350cam a2200145ua 4500
041 ## - LANGUAGE CODE
Language code of text/sound track or separate title hin
082 ## - DEWEY DECIMAL CLASSIFICATION NUMBER
Classification number 891.54
Item number RAN/DH
100 ## - MAIN ENTRY--AUTHOR NAME
Personal name Ramgor ragav, .
245 ## - TITLE STATEMENT
Title Dharti mera ghal /
260 ## - PUBLICATION, DISTRIBUTION, ETC. (IMPRINT)
Place of publication :
Name of publisher Rajapal yada sangei ,
Year of publication 1961.
300 ## - PHYSICAL DESCRIPTION
Number of Pages 172 ; .
942 ## - ADDED ENTRY ELEMENTS (KOHA)
Koha item type Books
Holdings
Withdrawn status Lost status Damaged status Home library Current library Date acquired Full call number Accession Number Koha item type
Withdrawn     KAUAET Sanskrit University 07/04/2012 891.54 5806 Books
free website counter